000 00303nam a22001337a 4500
008 170907b xxu||||| |||| 00| 0 eng d
020 _a9780132293303
041 _aeng
080 _25TH
_a91
100 _a42
101 _aGJEO
245 _aELEMENTAL GEOSYSTEMS
_cCHRISTOPHERSON,R.W
942 _2udc
_cBK
999 _c26657
_d26657